<?xml version="1.0" encoding="UTF-8"?>
<record
    xmlns:xsi="http://www.w3.org/2001/XMLSchema-instance"
    xsi:schemaLocation="http://www.loc.gov/MARC21/slim http://www.loc.gov/standards/marcxml/schema/MARC21slim.xsd"
    xmlns="http://www.loc.gov/MARC21/slim">

  <leader>03486njm a2200553Ia 4500</leader>
  <controlfield tag="001">26712</controlfield>
  <controlfield tag="003">IT-RoPAU</controlfield>
  <controlfield tag="005">20220918181110.0</controlfield>
  <controlfield tag="008">131025s9999    xx            000 0 und d</controlfield>
  <datafield tag="040" ind1=" " ind2=" ">
    <subfield code="a">IT-RoPAU</subfield>
  </datafield>
  <datafield tag="040" ind1=" " ind2=" ">
    <subfield code="c">IT-RoPAU</subfield>
  </datafield>
  <datafield tag="041" ind1=" " ind2=" ">
    <subfield code="a">INGLESE</subfield>
  </datafield>
  <datafield tag="999" ind1=" " ind2=" ">
    <subfield code="c">98885</subfield>
    <subfield code="d">98885</subfield>
  </datafield>
  <datafield tag="999" ind1=" " ind2=" ">
    <subfield code="b">n.d.</subfield>
  </datafield>
  <datafield tag="100" ind1=" " ind2=" ">
    <subfield code="a">Presley Elvis</subfield>
    <subfield code="9">16397</subfield>
  </datafield>
  <datafield tag="100" ind1=" " ind2=" ">
    <subfield code="e">Autore musica</subfield>
    <subfield code="9">16398</subfield>
  </datafield>
  <datafield tag="100" ind1=" " ind2=" ">
    <subfield code="g">Codice autore musica SPICS: 11085</subfield>
    <subfield code="9">16399</subfield>
  </datafield>
  <datafield tag="245" ind1=" " ind2=" ">
    <subfield code="a">Elvis Presley-The Collection vol.1</subfield>
  </datafield>
  <datafield tag="250" ind1=" " ind2=" ">
    <subfield code="a">1a ed.</subfield>
  </datafield>
  <datafield tag="260" ind1=" " ind2=" ">
    <subfield code="a">NEW YORK</subfield>
  </datafield>
  <datafield tag="260" ind1=" " ind2=" ">
    <subfield code="b">RCA RECORDS</subfield>
    <subfield code="c">1984 [1a Ed.:1984]</subfield>
  </datafield>
  <datafield tag="300" ind1=" " ind2=" ">
    <subfield code="a">COMPACT DISC</subfield>
  </datafield>
  <datafield tag="300" ind1=" " ind2=" ">
    <subfield code="c">48 minuti (Testo:  pag.)</subfield>
  </datafield>
  <datafield tag="500" ind1=" " ind2=" ">
    <subfield code="a">Musica Rock</subfield>
  </datafield>
  <datafield tag="505" ind1=" " ind2=" ">
    <subfield code="a">That's All Right (2:00) - Heartbreak Hotel (3:00) - I Was the One (3:00) - Blue Suede Shoes (2:00) - My Baby Left Me (3:00) - I Want You, I Need You, I Love You (3:00) - Hound Dog (3:00) - Don't Be Cruel (2:00) - Love Me Tender (3:00) - Love me (3:00) - All Shook Up (2:00) - That's When Your Heartaches Begin (4:00) - There'll Be Peace In the Valley [(For Me) (4:00)] - One Night (3:00) - Loving You (3:00)</subfield>
  </datafield>
  <datafield tag="650" ind1=" " ind2=" ">
    <subfield code="a">ROCK [COMPACT DISC]</subfield>
    <subfield code="e">Codice MATERIA SPICS: 9949</subfield>
    <subfield code="9">16400</subfield>
  </datafield>
  <datafield tag="700" ind1=" " ind2=" ">
    <subfield code="a">AA.VV.</subfield>
    <subfield code="e">Autore</subfield>
    <subfield code="g">Codice autore SPICS: 12000</subfield>
    <subfield code="9">799</subfield>
  </datafield>
  <datafield tag="700" ind1=" " ind2=" ">
    <subfield code="a">Presley Elvis</subfield>
    <subfield code="g">Codice interprete SPICS: 11085</subfield>
    <subfield code="e">Interprete</subfield>
    <subfield code="9">16401</subfield>
  </datafield>
  <datafield tag="700" ind1=" " ind2=" ">
    <subfield code="a">Crudup A.</subfield>
    <subfield code="g">Codice autore musica SPICS: 24495</subfield>
    <subfield code="e">Autore musica</subfield>
    <subfield code="p">That's All Right - My Baby Left Me</subfield>
    <subfield code="9">16402</subfield>
  </datafield>
  <datafield tag="700" ind1=" " ind2=" ">
    <subfield code="a">Gades Antonio</subfield>
    <subfield code="g">Codice autore musica SPICS: 31325</subfield>
    <subfield code="e">Autore musica</subfield>
    <subfield code="p">Heartbreak Hotel</subfield>
    <subfield code="9">16403</subfield>
  </datafield>
  <datafield tag="700" ind1=" " ind2=" ">
    <subfield code="a">Henze Hans Werner</subfield>
    <subfield code="g">Codice autore SPICS: 31326</subfield>
    <subfield code="e">Autore</subfield>
    <subfield code="p">Heartbreak Hotel</subfield>
    <subfield code="9">16404</subfield>
  </datafield>
  <datafield tag="700" ind1=" " ind2=" ">
    <subfield code="a">Presley Elvis</subfield>
    <subfield code="g">Codice autore musica SPICS: 11085</subfield>
    <subfield code="e">Autore musica</subfield>
    <subfield code="p">Heartbreak Hotel - Don't Be Cruel - Love Me Tender - All Shook Up</subfield>
    <subfield code="9">16405</subfield>
  </datafield>
  <datafield tag="700" ind1=" " ind2=" ">
    <subfield code="a">Schroeder A.</subfield>
    <subfield code="g">Codice autore musica SPICS: 25705</subfield>
    <subfield code="e">Autore musica</subfield>
    <subfield code="p">I Was the One</subfield>
    <subfield code="9">16406</subfield>
  </datafield>
  <datafield tag="700" ind1=" " ind2=" ">
    <subfield code="a">Demetrius</subfield>
    <subfield code="g">Codice autore SPICS: 20471</subfield>
    <subfield code="e">Autore</subfield>
    <subfield code="p">I Was the One</subfield>
    <subfield code="9">16407</subfield>
  </datafield>
  <datafield tag="700" ind1=" " ind2=" ">
    <subfield code="a">Pepper B.</subfield>
    <subfield code="g">Codice autore testo/musica SPICS: 25702</subfield>
    <subfield code="e">Autore testo/musica</subfield>
    <subfield code="p">I Was the One</subfield>
    <subfield code="9">16408</subfield>
  </datafield>
  <datafield tag="700" ind1=" " ind2=" ">
    <subfield code="a">Perkins Bill</subfield>
    <subfield code="g">Codice autore musica SPICS: 10728</subfield>
    <subfield code="e">Autore musica</subfield>
    <subfield code="p">Blue Suede Shoes</subfield>
    <subfield code="9">16409</subfield>
  </datafield>
  <datafield tag="700" ind1=" " ind2=" ">
    <subfield code="a">Mysels</subfield>
    <subfield code="g">Codice autore musica SPICS: 31330</subfield>
    <subfield code="e">Autore musica</subfield>
    <subfield code="p">I Want You, I Need You, I Love You</subfield>
    <subfield code="9">16410</subfield>
  </datafield>
  <datafield tag="700" ind1=" " ind2=" ">
    <subfield code="a">Koslof</subfield>
    <subfield code="g">Codice autore SPICS: 31331</subfield>
    <subfield code="e">Autore</subfield>
    <subfield code="p">I Want You, I Need You, I Love You</subfield>
    <subfield code="9">16411</subfield>
  </datafield>
  <datafield tag="700" ind1=" " ind2=" ">
    <subfield code="a">Leiber Jerry</subfield>
    <subfield code="g">Codice autore musica SPICS: 15585</subfield>
    <subfield code="e">Autore musica</subfield>
    <subfield code="p">Hound Dog - Love me - Loving You</subfield>
    <subfield code="9">16412</subfield>
  </datafield>
  <datafield tag="700" ind1=" " ind2=" ">
    <subfield code="a">Stoller Mike</subfield>
    <subfield code="g">Codice autore SPICS: 15921</subfield>
    <subfield code="e">Autore</subfield>
    <subfield code="p">Hound Dog - Love me - Loving You</subfield>
    <subfield code="9">16413</subfield>
  </datafield>
  <datafield tag="700" ind1=" " ind2=" ">
    <subfield code="a">Blackwell Eddie</subfield>
    <subfield code="g">Codice autore musica SPICS: 10210</subfield>
    <subfield code="e">Autore musica</subfield>
    <subfield code="p">Don't Be Cruel - All Shook Up</subfield>
    <subfield code="9">16414</subfield>
  </datafield>
  <datafield tag="700" ind1=" " ind2=" ">
    <subfield code="a">Matson V.</subfield>
    <subfield code="g">Codice autore SPICS: 15870</subfield>
    <subfield code="e">Autore</subfield>
    <subfield code="p">Love Me Tender</subfield>
    <subfield code="9">16415</subfield>
  </datafield>
  <datafield tag="700" ind1=" " ind2=" ">
    <subfield code="a">Fisher</subfield>
    <subfield code="g">Codice autore musica SPICS: 20482</subfield>
    <subfield code="e">Autore musica</subfield>
    <subfield code="p">That's When Your Heartaches Begin</subfield>
    <subfield code="9">16416</subfield>
  </datafield>
  <datafield tag="700" ind1=" " ind2=" ">
    <subfield code="a">Hill Alette</subfield>
    <subfield code="g">Codice autore SPICS: 19329</subfield>
    <subfield code="e">Autore</subfield>
    <subfield code="p">That's When Your Heartaches Begin</subfield>
    <subfield code="9">16417</subfield>
  </datafield>
  <datafield tag="700" ind1=" " ind2=" ">
    <subfield code="a">Raskin Victor</subfield>
    <subfield code="g">Codice autore testo/musica SPICS: 19209</subfield>
    <subfield code="e">Autore testo/musica</subfield>
    <subfield code="p">That's When Your Heartaches Begin</subfield>
    <subfield code="9">16418</subfield>
  </datafield>
  <datafield tag="700" ind1=" " ind2=" ">
    <subfield code="a">Dorsey P.</subfield>
    <subfield code="g">Codice autore musica SPICS: 15597</subfield>
    <subfield code="e">Autore musica</subfield>
    <subfield code="p">There'll Be Peace In the Valley (For Me)</subfield>
    <subfield code="9">16419</subfield>
  </datafield>
  <datafield tag="700" ind1=" " ind2=" ">
    <subfield code="a">Bartholomew</subfield>
    <subfield code="g">Codice autore musica SPICS: 31332</subfield>
    <subfield code="e">Autore musica</subfield>
    <subfield code="p">One Night</subfield>
    <subfield code="9">16420</subfield>
  </datafield>
  <datafield tag="700" ind1=" " ind2=" ">
    <subfield code="a">King J.</subfield>
    <subfield code="g">Codice autore SPICS: 21773</subfield>
    <subfield code="e">Autore</subfield>
    <subfield code="p">One Night</subfield>
    <subfield code="9">16421</subfield>
  </datafield>
  <datafield tag="942" ind1=" " ind2=" ">
    <subfield code="c">CD</subfield>
    <subfield code="2">ddc</subfield>
  </datafield>
  <datafield tag="952" ind1=" " ind2=" ">
    <subfield code="0">0</subfield>
    <subfield code="1">0</subfield>
    <subfield code="4">0</subfield>
    <subfield code="6">26712_000000000000000</subfield>
    <subfield code="7">1</subfield>
    <subfield code="a">SPICS</subfield>
    <subfield code="b">SPICS</subfield>
    <subfield code="d">2013-10-25</subfield>
    <subfield code="l">0</subfield>
    <subfield code="o">26712</subfield>
    <subfield code="r">2013-10-25 00:00:00</subfield>
    <subfield code="w">2013-10-25</subfield>
    <subfield code="y">CD</subfield>
    <subfield code="z">Progr. Ins.: 6270 / N.Vol.: 1 / Copie: 1 - Copia rara: n.d. / date import: 01.01.2014 - By Epidotti, Trombetti, Vaglietti</subfield>
  </datafield>
</record>
